000 00332nam a2200145Ia 4500
008 230917s9999||||xx |||||||||||||| ||und||
040 _e133234
_aMAIN
041 _aEnglish
082 _a537 G767E
100 _aGrant, I S
245 0 _aElectronic magnetism
260 _aLondon
_bOonn W
_c1975
300 _a506 p.
942 _cBK
999 _c188560
_d188560